000 00717cam a22002413a 4500
001 25537
003 PGUSA
005 20140828083541.0
008 080520s2008||||xxu|||||s|||||000 | eng d
040 _aPGUSA
_beng
042 _adc
050 4 _aDS
100 1 _aMorais, Wenceslau José de Sousa de,
_d1854-1929
245 1 0 _aPaisagens da China e do Japão
_h[electronic resource] /
_cWenceslau José de Sousa de Morais
260 _bProject Gutenberg,
_c2008
506 _aPublic domain in the USA.
516 _aElectronic text
653 _aJapan -- Civilization
653 _aChina -- Civilization
830 0 _aProject Gutenberg
_v25537
856 4 0 _uhttp://www.gutenberg.org/ebooks/25537
942 _cEB
999 _c254792
_d254792